Quizzes
Events
Quiz Creation
Community
Videos
Private Events
Remove Ads
Sign In
Join for FREE
Feedback
Dark Mode
Quiz Categories
Sports
Geography
Music
Movies
Television
Just For Fun
Miscellaneous
History
Literature
Language
Science
Gaming
Entertainment
Religion
Holiday
For Kids
Quiz Lab
Recent
Popular Today
Quiz Kudos Today
Editor Picks
Curator Picks
Quizzes by...
Day
Popularity
Type
Ratings
Length
Year
Community
Subscriptions
Recent Discussions
Orange Saloon
Badges
Playlists
Quests
Create
Leaderboards
Showdown
Live 5
Trivia Bingo
Activity
Puzzle Library
Sporcle Events
Private Events
Virtual Trivia
Globe League
Become a Host
Pub Owners
SporcleCon
Opinionation
Our Games
Videos
Blog
Mobile Apps
Partnerships
Remove Ads and Go Orange
Feedback
Literature
Harry Potter
A Song of Ice and Fire
The Hunger Games
Literary Character
Shakespeare
Book
Author
Novel
Poem
Young Adult
Children's Books
Play
Lord of the Rings
Literature
Harry Potter
A Song of Ice and Fire
The Hunger Games
Literary Character
Shakespeare
Book
Author
Novel
Poem
Young Adult
Children's Books
Play
Lord of the Rings
Random Quiz
Search Sporcle
×
Quiz Lab
Quiz Lab
Literature
Lord of the Rings
Type in answers that appear in a list
Type in answers that appear in a list
Classic
Best Score? Go Orange.
Rivers of Beleriand Stats
Can you name the Rivers of Beleriand?
By
Fearandir
10m
18 Questions
233 Plays
233 Plays
233 Plays
Comments
Comments
Give Quiz Kudos
Give Quiz Kudos
-
- Ratings
hide this ad
Replay
Link that replays current quiz
Next Quiz
Link to next quiz in quiz playlist
You Got
0%
They Got
Avg Score
59%
Avg Friend Score
Upgrade to see
Score Distribution
Jump to the score distribution portion of the page
Score
0/18
Timer
10:00
0
Plays Today
% Correct
Sirion
93.1%
Gelion
88.4%
Narog
74.7%
Ascar
69.5%
Adurant
68.2%
Legolin
65.7%
Aros
61.8%
Esgalduin
60.1%
Thalos
59.2%
% Correct
Teiglin
55.8%
Celon
55.4%
Duilwen
52.4%
Nenning
49.4%
Brilthor
48.9%
Brithon
48.1%
Ginglith
43.3%
Mindeb
42.9%
Malduin
39.1%
Quiz Playlist
Details
Report
Send in Message
Add To Playlist
Classic:
Type in answers that appear in a list
Last Updated: Feb 16, 2017
Quiz Scoreboard
CHALLENGE
Sign Up to Join the Scoreboard
Show All
Scores
Hide
Comments
May contain spoilers
Recently Published
TV Characters by Other Roles V
by ghcgh
Television
5m
Decade Duel: World Leaders
by jenniferyan
History
4m
Alphabetical 'K' Countries by Flag Minefield
by ylime102
Geography
3m
More to Explore
Quiz From the Vault
Featured Blog Post
15 Basketball Trivia Facts You Can Be March Mad About
hide this ad
You Might Also Like...
Tags
Lord of the Rings Quiz
Topography Quiz
Beleriand
JRR Tolkien
River
silmarillion
Today's Top Quizzes in Literature
Browse Literature
hide this ad
Today's Top Quizzes in Lord of the Rings
Browse Lord of the Rings
Top Contributed Quizzes in Literature
1
Criteria Quiz: Harry Potter Gryffindors
2
Criteria Quiz: Harry Potter Deaths
3
Season Plays
4
Pick 3: Harry Potter Hogwarts Quidditch Players
5
Harry Potter Characters: Logic Puzzle
6
Word Ladder: King's 'The Stand'
7
Harry Potter logic puzzle: Triwizard Tournament
8
Spring Reading List
9
Hogwarts Midnight Escape
10
Sirius Black vs Dementors: Logic Puzzle
Explore More
Trending Topics
Harry Potter
Disney
Anime
Kpop
Crossword
Marvel
NBA
Puzzle
Country
Song
NFL
The Office
Soccer
WWE
Pokémon
hide this ad
More By:
Fearandir
Quiz
Plays
Rating
Category
Featured
Created
Valar
640
4.00
Literature
Nov 19, 2009
Allomantic Metals of the Mistborn Books
524
2.57
Literature
Jul 18, 2010
Scots Gaelic Flashcards 1: Irregular Verbs
397
3.00
Language
Apr 8, 2012
Rivers of Beleriand
233
4.00
Literature
Nov 25, 2009
Istari by Valinorian Name
139
3.50
Literature
Nov 30, 2009
Go to Creator's Profile
Score Distribution
Quiz Creator Spotlight
Fearandir
Follow
Send a Message
Quizzes Created
-
Created Quiz Play Count
-
More By This Creator
Popular Quizzes Today
1
Countries of Asia Without Outlines Minefield
2
Find the US States - No Outlines Minefield
3
Pick 6: Fruits
4
The Countries of the World
5
Alphabetical 'K' Countries by Flag Minefield
6
Find the Countries of Europe - No Outlines Minefield
7
US States
8
Find the US States
More Literature Quizzes
Harry Potter Mystery Passage 56
Quiz Lab
Trending Quizzes
Pick 6: Mountains
Pick 6: Harry Potter
Pick 6: Flags
Pick 6: NFL Teams
Pick 6: Movie Franchises
Recently Updated
Adaptations: Name the Title
pecheneg
NWSL Teams
pecheneg
Women's Final Four Teams by Year
bhenderson79
Presidents Quartet II
eogle
Anything But Clue(do)
eogle
Anything But Oceanian Capitals
eogle
Anything But 7
eogle
Anything But Thing
eogle
Word Ladder: February 29
pecheneg
Song Title Questions
pecheneg
Trending Topics
Anime
Kpop
Disney
Crossword
Harry Potter
NBA
Marvel
Song
Pokémon
Soccer
Country
WWE
NFL
The Office
Puzzle
Your Account Isn't Verified!
In order to create a playlist on Sporcle, you need to verify the email address you used during registration. Go to your
Sporcle Settings
to finish the process.
Report this User
Report this user for behavior that violates our
Community Guidelines
.
Details:
Send Report
Go to the Sporcle.com Mobile Site →
Comments